000 00406nam a2200169Ia 4500
003 OSt
005 20240213112033.0
008 170619s9999 xx 000 0 und d
020 _a9788120308077
040 _cIIMT ENGINEERING COLLEGE
100 _aGayakwad R A
245 0 _aOp amp linear intgrated circuits
260 _bSingapore; Pearson
260 _c2004
546 _aENGLISH
942 _2ddc
_c01
999 _c17161
_d17161